LEADER 01380nam 2200445 450 001 996540317203316 005 20240118022900.0 010 $a3-495-99732-6 035 $a(CKB)5700000000358101 035 $a(NjHacI)995700000000358101 035 $a(EXLCZ)995700000000358101 100 $a20230712d2007 uy 0 101 0 $ager 135 $aur||||||||||| 181 $ctxt$2rdacontent 182 $cc$2rdamedia 183 $acr$2rdacarrier 200 10$aKontingenz und Vernunft$eGrundlagen einer Theorie kommunikativen Handelns im Anschluss an Habermas und Merleau-Ponty$fAndreas Niederberger 210 1$aFreiburg$cKarl Alber$d[2007] 210 4$d©2007 215 $a1 online resource (355 pages) 225 1 $aPha?nomenologie. Kontexte$vBand 12 311 $a3-495-48233-4 320 $aIncludes bibliographical references (pages 335-351) and index. 410 0$aPha?nomenologie.$pKontexte$vBand 12 606 $aContingency (Philosophy) 606 $aReason 606 $aCommunication 615 0$aContingency (Philosophy) 615 0$aReason. 615 0$aCommunication. 676 $a123 700 $aNiederberger$b Andreas$f1972-$01255795 801 0$bNjHacI 801 1$bNjHacl 801 2$bCH-ZuSLS UZB ZB 906 $aBOOK 912 $a996540317203316 996 $aKontingenz und Vernunft$93402541 997 $aUNISA LEADER 01268nas 2200445 c 450 001 9910894744903321 005 20260218112601.0 035 $a(CKB)3790000000120631 035 $a(DE-599)ZDB2622234-6 035 $a(OCoLC)1030345030 035 $a(OCoLC)750756510 035 $a(DE-101)1014138159 035 $a(DE-599)2622234-6 035 $a(EXLCZ)993790000000120631 100 $a20110808a20049999 |y | 101 0 $ager 135 $aur||||||||||| 181 $ctxt$2rdacontent 182 $cc$2rdamedia 183 $acr$2rdacarrier 200 10$aStatistischer Bericht / Thüringer Landesamt für Statistik$hK$hVI$iEmpfänger von Asylbewerberleistungen in Thüringen 210 31$aErfurt$cTLS$d2004- 215 $aOnline-Ressource 225 0 $3Ab 2008$aZahlen, Daten, Fakten 300 $aGesehen am 06.03.18 300 $aBestell-Nr. 10106 517 $aStatistischer Bericht / K 6 517 1 $aStatistischer Bericht / K / 6 608 $aZeitschrift$2gnd-content 608 $aStatistik$2gnd-content 676 $a300 676 $a360 676 $a310 801 0$b0027 801 1$bDE-101 801 2$b9001 906 $aJOURNAL 912 $a9910894744903321 996 $aStatistischer Bericht$94217603 997 $aUNINA